[Event "Canadian zt"]
[Site "Toronto"]
[Date "2024.04.02"]
[Round "10"]
[White "Latorre, Vincent"]
[Black "Stevens, Christian"]
[Result "1/2-1/2"]
[WhiteElo "2181"]
[BlackElo "2260"]
[PlyCount "78"]
[EventDate "2024.03.27"]
[EventType "team-swiss"]
[EventRounds "10"]
[EventCountry "CAN"]
[SourceTitle "CB15_2024"]
[SourceDate "2024.04.10"]
[SourceVersion "1"]
[SourceVersionDate "2024.04.10"]
[SourceQuality "1"]

1. e4 c5 2. Nf3 e6 3. c3 Nf6 4. e5 Nd5 5. Bc4 d6 6. d4 cxd4 7. cxd4 Nc6 8. 0-0 Be7 9. Qe2 0-0 10. Nc3 Nxc3 11. bxc3 dxe5 12. dxe5 Qa5 13. Bd2 b6 14. Rfe1 Bb7 15. h4 Rfd8 16. h5 Rac8 17. Bb3 Qa6 18. Qe3 Qd3 19. Qf4 Na5 20. Re3 Qf5 21. Qxf5 exf5 22. Re2 Bd5 23. Nd4 g6 24. hxg6 hxg6 25. Be1 a6 26. Bc2 Bg5 27. Bd3 Bc4 28. Bxc4 Nxc4 29. g3 Be7 30. a4 Bc5 31. Rd1 Rd5 32. f4 Na5 33. Bf2 Nc6 34. Kg2 Bxd4 35. Bxd4 b5 36. axb5 axb5 37. e6 fxe6 38. Rxe6 Nxd4 39. Rxd4 Rxd4 1/2-1/2

[Event "Canadian zt"]
[Site "Toronto"]
[Date "2024.03.30"]
[Round "5"]
[White "Stevens, Christian"]
[Black "Song, Ethan"]
[Result "1/2-1/2"]
[WhiteElo "2260"]
[BlackElo "2208"]
[PlyCount "95"]
[EventDate "2024.03.27"]
[EventType "team-swiss"]
[EventRounds "10"]
[EventCountry "CAN"]
[SourceTitle "CB15_2024"]
[SourceDate "2024.04.10"]
[SourceVersion "1"]
[SourceVersionDate "2024.04.10"]
[SourceQuality "1"]

1. e4 e5 2. Nf3 Nc6 3. Bb5 Nf6 4. d3 Bc5 5. 0-0 d6 6. Be3 Bb6 7. Bxc6+ bxc6 8. h3 0-0 9. a4 Nd7 10. a5 Bxe3 11. fxe3 Rb8 12. b3 Nc5 13. Nbd2 f5 14. exf5 Bxf5 15. e4 Bd7 16. Nb1 Ne6 17. Nc3 Ng5 18. Kh2 Nxf3+ 19. Rxf3 Qg5 20. Rxf8+ Rxf8 21. Qc1 Qh4 22. Qe3 Rf2 23. Rc1 c5 24. Nd5 c6 25. Qg3 Qxg3+ 26. Kxg3 Rf7 27. Ne3 Be6 28. a6 Kf8 29. Rb1 Rc7 30. b4 cxb4 31. Rxb4 Bc8 32. Nf5 g6 33. Nxd6 Bxa6 34. c4 c5 35. Ra4 Rc6 36. Nb5 Bxb5 37. cxb5 Rd6 38. Ra3 Rb6 39. Rxa7 Rxb5 40. Rd7 Rb4 41. Kg4 Rd4 42. Rxd4 cxd4 43. h4 Kg7 44. h5 Kf6 45. hxg6 Kxg6 46. Kh4 Kh6 47. g4 Kg6 48. g5 1/2-1/2

[Event "Canadian zt"]
[Site "Toronto"]
[Date "2024.03.28"]
[Round "3"]
[White "Stevens, Christian"]
[Black "Rusonik, Max"]
[Result "1/2-1/2"]
[WhiteElo "2260"]
[BlackElo "2196"]
[PlyCount "89"]
[EventDate "2024.03.27"]
[EventType "team-swiss"]
[EventRounds "10"]
[EventCountry "CAN"]
[SourceTitle "CB15_2024"]
[SourceDate "2024.04.10"]
[SourceVersion "1"]
[SourceVersionDate "2024.04.10"]
[SourceQuality "1"]

1. e4 e5 2. Nf3 Nc6 3. Bb5 a6 4. Ba4 Nf6 5. 0-0 Be7 6. Re1 b5 7. Bb3 0-0 8. h3 Bb7 9. d3 d6 10. a3 Nd7 11. Nbd2 Nd4 12. Ba2 c5 13. Nh2 Bg5 14. c3 Ne6 15. g3 Qe7 16. Nb3 Bxc1 17. Rxc1 a5 18. a4 bxa4 19. Nd2 Nb6 20. Ng4 f5 21. exf5 Rxf5 22. d4 Kh8 23. d5 Ng5 24. h4 Nh3+ 25. Kg2 Nf4+ 26. gxf4 Nxd5 27. Bxd5 Bxd5+ 28. f3 Rxf4 29. Ne4 Qb7 30. Ngf2 Raf8 31. c4 Bc6 32. Qxd6 Rxf3 33. Kg1 Qc8 34. Rc2 Bxe4 35. Nxe4 Qg4+ 36. Rg2 Qxh4 37. Ng3 Qxc4 38. Qxe5 h6 39. Nf5 Qf7 40. Nxg7 Rf1+ 41. Rxf1 Qxf1+ 42. Kh2 Qf4+ 43. Qxf4 Rxf4 44. Ne6 Rf3 45. Nxc5 1/2-1/2

[Event "Titled Tuesday intern op 31st May Early"]
[Site "Chess.com INT"]
[Date "2022.05.31"]
[Round "3"]
[White "Harvey, Marcus Ross"]
[Black "Stevens, Christian"]
[Result "1-0"]
[WhiteElo "2455"]
[BlackElo "2260"]
[PlyCount "83"]
[EventDate "2022.05.31"]
[EventType "swiss (blitz)"]
[EventRounds "11"]
[EventCountry "USA"]
[SourceTitle "CBM 208 Extra"]
[Source "ChessBase"]
[SourceDate "2022.07.31"]
[SourceVersion "1"]
[SourceVersionDate "2022.07.31"]
[SourceQuality "1"]

1. d4 Nf6 2. c4 e6 3. Nc3 Bb4 4. e3 0-0 5. Bd3 c5 6. Nge2 d6 7. 0-0 Nc6 8. a3 Bxc3 9. bxc3 e5 10. Ng3 Re8 11. Bc2 Na5 12. f4 e4 13. Nh5 Be6 14. Nxf6+ Qxf6 15. Bxe4 Bxc4 16. Bd3 Bxd3 17. Qxd3 c4 18. Qe2 d5 19. Bd2 Re4 20. Be1 Rae8 21. Rf3 Rxf4 22. Bg3 Rxf3 23. gxf3 Nb3 24. Re1 Qa6 25. Qb2 Qa5 26. e4 Qd8 27. e5 Qg5 28. Qc2 Qg6 29. Qg2 Qf5 30. f4 Re6 31. Qxd5 h5 32. Qxc4 Nd2 33. Qe2 Nb3 34. d5 Rg6 35. Qe4 Qxe4 36. Rxe4 h4 37. f5 Rg5 38. Rxh4 Rxf5 39. Rc4 Nd2 40. Rc8+ Kh7 41. d6 Nf3+ 42. Kg2 1-0

[Event "Titled Tuesday intern op 31st May Early"]
[Site "Chess.com INT"]
[Date "2022.05.31"]
[Round "6"]
[White "Stevens, Christian"]
[Black "Atakhan, Abtin"]
[Result "0-1"]
[WhiteElo "2260"]
[BlackElo "2358"]
[PlyCount "142"]
[EventDate "2022.05.31"]
[EventType "swiss (blitz)"]
[EventRounds "11"]
[EventCountry "USA"]
[SourceTitle "CBM 208 Extra"]
[Source "ChessBase"]
[SourceDate "2022.07.31"]
[SourceVersion "1"]
[SourceVersionDate "2022.07.31"]
[SourceQuality "1"]

1. d4 d5 2. c4 c6 3. Nc3 Nf6 4. e3 a6 5. Bd3 dxc4 6. Bxc4 b5 7. Bb3 Bb7 8. Nf3 e6 9. 0-0 c5 10. Qe2 Nbd7 11. Rd1 Qc7 12. d5 c4 13. dxe6 fxe6 14. Bc2 Bd6 15. h3 0-0 16. e4 Ne5 17. Nd4 Qd7 18. f4 Nd3 19. Bxd3 Bc5 20. Bc2 Bxd4+ 21. Be3 Bxe3+ 22. Qxe3 Qc6 23. Rd2 b4 24. Ne2 Nxe4 25. Nd4 Qd5 26. Bxe4 Qxe4 27. Qxe4 Bxe4 28. Nxe6 Rf6 29. Nc5 Bc6 30. Rd4 Bb5 31. Rad1 Rc8 32. Rd8+ Rf8 33. Rxf8+ Kxf8 34. Ne6+ Kf7 35. Ng5+ Kg8 36. Ne4 c3 37. bxc3 bxc3 38. Rc1 c2 39. Kf2 Bd3 40. Nd2 Re8 41. Nb3 Re2+ 42. Kf3 Bc4 43. Nd4 Rd2 44. Nxc2 Bd5+ 45. Ke3 Rxg2 46. Nb4 Bxa2 47. Rc8+ Kf7 48. Rc7+ Kf8 49. Nxa6 Rg3+ 50. Ke4 Rxh3 51. Nc5 Bb1+ 52. Kd4 Bf5 53. Ke5 Rh5 54. Kd6 h6 55. Nb7 Kg8 56. Nd8 Bg4 57. Kc6 Bf3+ 58. Kd6 Rd5+ 59. Ke7 Rf5 60. Ne6 Rf7+ 61. Kd6 Rxc7 62. Kxc7 Kf7 63. Kd6 Kf6 64. Nd4 Be4 65. Kc5 h5 66. Kc4 h4 67. Ne2 Bf3 68. Ng1 Bg4 69. Kd4 Kf5 70. Ke3 h3 71. Kf2 h2 0-1

[Event "Titled Tuesday intern op 31st May Early"]
[Site "Chess.com INT"]
[Date "2022.05.31"]
[Round "9"]
[White "Stevens, Christian"]
[Black "Legenia, Artem"]
[Result "1-0"]
[WhiteElo "2260"]
[BlackElo "2092"]
[PlyCount "49"]
[EventDate "2022.05.31"]
[EventType "swiss (blitz)"]
[EventRounds "11"]
[EventCountry "USA"]
[SourceTitle "CBM 208 Extra"]
[Source "ChessBase"]
[SourceDate "2022.07.31"]
[SourceVersion "1"]
[SourceVersionDate "2022.07.31"]
[SourceQuality "1"]

1. d4 d5 2. Bf4 Bf5 3. e3 c6 4. c4 e6 5. Qb3 Qb6 6. Nc3 Qxb3 7. axb3 Bc2 8. c5 Bxb3 9. Nf3 Bc2 10. b4 Nd7 11. b5 Ngf6 12. bxc6 bxc6 13. Ba6 Be7 14. Bb7 Rd8 15. Bc7 0-0 16. Bxd8 Rxd8 17. Rxa7 Bd3 18. Bxc6 Bf8 19. Bxd7 Rxd7 20. Rxd7 Nxd7 21. Kd2 Bc4 22. Ra1 f6 23. c6 Nb6 24. c7 Bd6 25. Ra8+ 1-0

[Event "Titled Tuesday intern op 24th May Early"]
[Site "Chess.com INT"]
[Date "2022.05.24"]
[Round "5"]
[White "Clawitter, Craig"]
[Black "Stevens, Christian"]
[Result "0-1"]
[WhiteElo "2050"]
[BlackElo "2260"]
[PlyCount "70"]
[EventDate "2022.05.24"]
[EventType "swiss (blitz)"]
[EventRounds "11"]
[EventCountry "USA"]
[SourceTitle "EXT 2023"]
[Source "ChessBase"]
[SourceDate "2022.10.05"]
[SourceVersion "1"]
[SourceVersionDate "2022.10.05"]
[SourceQuality "1"]

1. e4 c5 2. Nf3 e5 3. Nxe5 Qe7 4. d4 cxd4 5. Qxd4 Nc6 6. Nxc6 dxc6 7. Nc3 Nf6 8. Bg5 Qb4 9. Bxf6 gxf6 10. Qxf6 Rg8 11. 0-0-0 Be6 12. f4 Rg6 13. Qe5 Bg7 14. Qc7 Rc8 15. Qd6 Bxc3 16. bxc3 Qxc3 17. f5 Bxf5 18. Qd4 Qa3+ 19. Kb1 Be6 20. Bc4 Qb4+ 21. Bb3 Qxd4 22. Rxd4 Bxb3 23. axb3 Rxg2 24. Rhd1 Rc7 25. Rd8+ Ke7 26. Ra8 Rxh2 27. Rxa7 h5 28. Ra8 h4 29. Rh8 Ke6 30. Rd3 Rd7 31. Rh6+ Ke7 32. Rf3 Rdd2 33. Rh7 Rxc2 34. Rfxf7+ Kd6 35. Rd7+ Kc5 0-1

[Event "Titled Tuesday intern op 24th May Early"]
[Site "Chess.com INT"]
[Date "2022.05.24"]
[Round "8"]
[White "Martin, Lewis"]
[Black "Stevens, Christian"]
[Result "0-1"]
[WhiteElo "2195"]
[BlackElo "2260"]
[PlyCount "78"]
[EventDate "2022.05.24"]
[EventType "swiss (blitz)"]
[EventRounds "11"]
[EventCountry "USA"]
[SourceTitle "EXT 2023"]
[Source "ChessBase"]
[SourceDate "2022.10.05"]
[SourceVersion "1"]
[SourceVersionDate "2022.10.05"]
[SourceQuality "1"]

1. e4 c5 2. Nf3 e6 3. d4 cxd4 4. Nxd4 a6 5. Nc3 Qc7 6. g3 Nc6 7. Nde2 Bc5 8. Bg2 Nf6 9. 0-0 h5 10. Bf4 Ne5 11. h3 b5 12. a3 Bb7 13. Qd2 d6 14. Bxe5 dxe5 15. Nc1 h4 16. g4 Rd8 17. Nd3 Bd4 18. Rfe1 0-0 19. Qg5 Nh7 20. Qxh4 Bxc3 21. bxc3 Qxc3 22. g5 Rfe8 23. g6 fxg6 24. Bf3 Nf8 25. Qg5 Qxc2 26. Nxe5 Qc3 27. Rac1 Qxa3 28. Rc7 Qa5 29. Rf7 Qxe1+ 30. Kg2 Bxe4 31. Bxe4 Qxe4+ 32. f3 Qe2+ 33. Kg3 Rd2 34. Kh4 Qf2+ 35. Kg4 Qg2+ 36. Kh4 Qxg5+ 37. Kxg5 Rd5 38. f4 Rxe5+ 39. fxe5 Kxf7 0-1

[Event "Titled Tuesday intern op 24th May Late"]
[Site "Chess.com INT"]
[Date "2022.05.24"]
[Round "2"]
[White "Stevens, Christian"]
[Black "Bryakin, Mikhail"]
[Result "0-1"]
[WhiteElo "2260"]
[BlackElo "2456"]
[PlyCount "74"]
[EventDate "2022.05.24"]
[EventType "swiss (blitz)"]
[EventRounds "11"]
[EventCountry "USA"]
[SourceTitle "EXT 2023"]
[Source "ChessBase"]
[SourceDate "2022.10.05"]
[SourceVersion "1"]
[SourceVersionDate "2022.10.05"]
[SourceQuality "1"]

1. Nf3 c5 2. c4 Nf6 3. Nc3 Nc6 4. d4 cxd4 5. Nxd4 g6 6. e4 Bg7 7. Be3 0-0 8. Be2 d6 9. Qd2 a5 10. f3 Bd7 11. Rc1 a4 12. 0-0 Qa5 13. Rfd1 Rfc8 14. Bf1 Nxd4 15. Bxd4 Be6 16. b3 axb3 17. axb3 Qb4 18. Rb1 Nd7 19. Nd5 Bxd4+ 20. Qxd4 Bxd5 21. exd5 Qc5 22. Qxc5 Nxc5 23. b4 Nd7 24. Ra1 b6 25. f4 Kf8 26. Kf2 Nf6 27. Kf3 h5 28. Bd3 Ke8 29. g3 Kd8 30. h3 b5 31. Rxa8 Rxa8 32. c5 Ra3 33. Kf2 Ra2+ 34. Kf3 Ra3 35. Kf2 Nxd5 36. Bxb5 Nc3 37. Rd3 Nxb5 0-1

[Event "Titled Tuesday intern op 24th May Early"]
[Site "Chess.com INT"]
[Date "2022.05.24"]
[Round "9"]
[White "Stevens, Christian"]
[Black "Sadubayev, Airat"]
[Result "1-0"]
[WhiteElo "2260"]
[BlackElo "2317"]
[PlyCount "77"]
[EventDate "2022.05.24"]
[EventType "swiss (blitz)"]
[EventRounds "11"]
[EventCountry "USA"]
[SourceTitle "EXT 2023"]
[Source "ChessBase"]
[SourceDate "2022.10.05"]
[SourceVersion "1"]
[SourceVersionDate "2022.10.05"]
[SourceQuality "1"]

1. Nf3 d5 2. e3 Nf6 3. c4 c6 4. Nc3 e6 5. Qc2 Bd6 6. b3 0-0 7. Bb2 Re8 8. Be2 Nbd7 9. 0-0 b6 10. Rac1 Bb7 11. Qb1 Qe7 12. Rfd1 Rad8 13. h3 dxc4 14. bxc4 c5 15. d4 cxd4 16. exd4 Rc8 17. Nb5 Red8 18. Nxa7 Ra8 19. Nb5 Bf4 20. Rc3 Ne4 21. Rb3 Qf6 22. d5 Qh6 23. Qxe4 Nc5 24. Qc2 Nxb3 25. Qxb3 exd5 26. cxd5 Qh5 27. d6 Qc5 28. Bc4 Rd7 29. Bd5 Ra5 30. a4 Ba6 31. Bc4 Bb7 32. Bf1 Bxd6 33. Nxd6 Rxd6 34. Ba3 Rxd1 35. Bxc5 Rxf1+ 36. Kxf1 Ba6+ 37. Kg1 Rxc5 38. Qxb6 Rc1+ 39. Kh2 1-0

[Event "Titled Tuesday intern op 24th May Late"]
[Site "Chess.com INT"]
[Date "2022.05.24"]
[Round "1"]
[White "Svane, Rasmus"]
[Black "Stevens, Christian"]
[Result "0-1"]
[WhiteElo "2651"]
[BlackElo "2260"]
[PlyCount "254"]
[EventDate "2022.05.24"]
[EventType "swiss (blitz)"]
[EventRounds "11"]
[EventCountry "USA"]
[SourceTitle "EXT 2023"]
[Source "ChessBase"]
[SourceDate "2022.10.05"]
[SourceVersion "1"]
[SourceVersionDate "2022.10.05"]
[SourceQuality "1"]

1. Nf3 Nf6 2. g3 d5 3. Bg2 c6 4. 0-0 Bg4 5. h3 Bxf3 6. Bxf3 Nbd7 7. d3 e5 8. e4 dxe4 9. dxe4 Be7 10. Nd2 Qc7 11. Qe2 0-0 12. Nb3 a5 13. a4 Nc5 14. Nxc5 Bxc5 15. Kg2 h6 16. Bd2 Rfe8 17. Rfd1 Rad8 18. Be1 Qb6 19. c3 Qb3 20. Rd2 Rxd2 21. Qxd2 Qc4 22. Qc2 Rd8 23. b3 Qd3 24. Qxd3 Rxd3 25. Be2 Rd8 26. f3 Bb6 27. Rd1 Rxd1 28. Bxd1 Kf8 29. Bc2 Ke8 30. f4 Bc7 31. Kf3 Nd7 32. Bd2 Bb6 33. h4 Ke7 34. Bc1 Bc5 35. Bd3 Bd6 36. Be3 Nc5 37. Bc2 Ne6 38. f5 Nc5 39. g4 f6 40. g5 hxg5 41. hxg5 Kd7 42. g6 Kc7 43. Ke2 Bf8 44. Bd2 Na6 45. Kd3 b5 46. Be3 Bc5 47. Bc1 Bf8 48. Ke2 b4 49. Bd2 bxc3 50. Bxc3 Bb4 51. Bb2 Kd6 52. Bc1 Ke7 53. Kf3 Nc5 54. Be3 Nd7 55. Bd3 Nc5 56. Bc4 Nd7 57. Bh6 Kf8 58. Bc1 Nc5 59. Be3 Nd7 60. Bd3 Nc5 61. Bc2 Nd7 62. Ke2 Nc5 63. Bf2 Ke7 64. Be3 Kf8 65. Bc1 Ke7 66. Ke3 Kf8 67. Bd2 Bxd2+ 68. Kxd2 Na6 69. Kc3 Nb4 70. Bd1 Ke7 71. Kc4 Kd6 72. Be2 Na2 73. Bd3 Nb4 74. Bb1 Na6 75. Bd3 Nb4 76. Be2 Na2 77. Kd3 Nb4+ 78. Kc3 Na2+ 79. Kc4 Nb4 80. Bd3 Na2 81. Bf1 Nb4 82. Kc3 Na2+ 83. Kb2 Nb4 84. Bc4 Kc5 85. Kc3 Na2+ 86. Kb2 Nb4 87. Kc3 Na2+ 88. Kd3 Nb4+ 89. Ke3 Na2 90. Be6 Kb4 91. Kd3 Nc1+ 92. Kc2 Ne2 93. Kd3 Nd4 94. Bd7 Nxb3 95. Bxc6 Nc5+ 96. Kc2 Nxa4 97. Bd5 Nc3 98. Bc6 a4 99. Kb2 a3+ 100. Ka1 Kc4 101. Bb7 Kd4 102. Ba6 Nxe4 103. Ka2 Nd6 104. Kxa3 Nxf5 105. Kb2 Nh4 106. Kc2 Nxg6 107. Kd2 Nf4 108. Bc8 e4 109. Bf5 e3+ 110. Ke1 g6 111. Bc2 f5 112. Bd1 Ke5 113. Bc2 g5 114. Ba4 g4 115. Bc6 Ng6 116. Ke2 Kf4 117. Bd7 Ne7 118. Be6 Ke5 119. Bd7 Nd5 120. Bc6 Ke4 121. Bb7 f4 122. Bc8 f3+ 123. Ke1 Kf4 124. Bb7 Nf6 125. Bc8 Ne4 126. Bb7 g3 127. Kd1 g2 0-1

[Event "Titled Tuesday intern op 17th May Early"]
[Site "Chess.com INT"]
[Date "2022.05.17"]
[Round "7"]
[White "Onslow, Alfie"]
[Black "Stevens, Christian"]
[Result "0-1"]
[WhiteElo "2104"]
[BlackElo "2260"]
[PlyCount "86"]
[EventDate "2022.05.17"]
[EventType "swiss (blitz)"]
[EventRounds "11"]
[EventCountry "USA"]
[SourceTitle "CBM 208 Extra"]
[Source "ChessBase"]
[SourceDate "2022.07.31"]
[SourceVersion "1"]
[SourceVersionDate "2022.07.31"]
[SourceQuality "1"]

1. Nf3 c5 2. c4 Nf6 3. b3 g6 4. Bb2 Bg7 5. d4 cxd4 6. Nxd4 0-0 7. Nc3 d5 8. e3 Nc6 9. Nxc6 bxc6 10. Be2 Ne4 11. Nxe4 Bxb2 12. Rb1 Bg7 13. Nd2 Bf5 14. Rc1 Bb2 15. h4 a5 16. h5 a4 17. g4 Bxc1 18. Qxc1 Be6 19. Nf3 axb3 20. axb3 Qa5+ 21. Kf1 Qa1 22. Kg2 Qxc1 23. Rxc1 Bxg4 24. h6 Ra2 25. Bd1 Bxf3+ 26. Bxf3 e6 27. cxd5 cxd5 28. Rc7 Rb8 29. Bd1 Rd2 30. Bg4 Kf8 31. Kf3 Rxb3 32. Rc8+ Ke7 33. Rh8 Rbb2 34. Rxh7 Rxf2+ 35. Kg3 Rg2+ 36. Kh3 Rh2+ 37. Kg3 Rbg2+ 38. Kf3 Kf6 39. Rh8 Rg1 40. e4 dxe4+ 41. Kf4 e5+ 42. Kxe4 Rxg4+ 43. Kf3 Rgh4 0-1

[Event "Titled Tuesday intern op 17th May Early"]
[Site "Chess.com INT"]
[Date "2022.05.17"]
[Round "10"]
[White "Ovezdurdiyeva, Jemal"]
[Black "Stevens, Christian"]
[Result "0-1"]
[WhiteElo "2061"]
[BlackElo "2260"]
[PlyCount "42"]
[EventDate "2022.05.17"]
[EventType "swiss (blitz)"]
[EventRounds "11"]
[EventCountry "USA"]
[SourceTitle "CBM 208 Extra"]
[Source "ChessBase"]
[SourceDate "2022.07.31"]
[SourceVersion "1"]
[SourceVersionDate "2022.07.31"]
[SourceQuality "1"]

1. e4 c5 2. Nf3 e6 3. d4 cxd4 4. Nxd4 a6 5. c3 Qc7 6. Bd3 Nf6 7. 0-0 Nc6 8. Be3 Ne5 9. Bc2 Neg4 10. g3 Nxe3 11. fxe3 h5 12. Nf3 Ng4 13. Qe2 Bc5 14. Nd4 e5 15. Nf5 d6 16. Ba4+ b5 17. Bb3 Bxf5 18. Rxf5 Nxe3 19. Rxf7 Nc4+ 20. Rf2 Rf8 21. Qxh5+ Qf7 0-1

[Event "Titled Tuesday intern op 17th May Late"]
[Site "Chess.com INT"]
[Date "2022.05.17"]
[Round "2"]
[White "Stevens, Christian"]
[Black "Maghsoodloo, Parham"]
[Result "1-0"]
[WhiteElo "2260"]
[BlackElo "2699"]
[PlyCount "77"]
[EventDate "2022.05.17"]
[EventType "swiss (blitz)"]
[EventRounds "11"]
[EventCountry "USA"]
[SourceTitle "CBM 208 Extra"]
[Source "ChessBase"]
[SourceDate "2022.07.31"]
[SourceVersion "1"]
[SourceVersionDate "2022.07.31"]
[SourceQuality "1"]

1. d4 Nf6 2. Bf4 d5 3. e3 c5 4. Nc3 cxd4 5. exd4 a6 6. Nf3 Nc6 7. Ne5 Bf5 8. g4 e6 9. gxf5 exf5 10. Bg2 Be7 11. 0-0 0-0 12. Kh1 Re8 13. Qd3 g6 14. Nxc6 bxc6 15. Na4 Bd6 16. Bxd6 Qxd6 17. Nc5 a5 18. Qg3 Qd8 19. Rfe1 Qb6 20. Qb3 Qc7 21. Kg1 a4 22. Qg3 Qb6 23. Qc3 Qc7 24. Rxe8+ Rxe8 25. Re1 Ra8 26. Re2 Qb6 27. b3 axb3 28. cxb3 Qc7 29. a4 Qd6 30. Qg3 Qd8 31. Qe5 Kg7 32. Qe7 Qb6 33. Ne6+ Kg8 34. Qxf6 fxe6 35. Qxe6+ Kg7 36. Qe5+ Kh6 37. Qf4+ Kg7 38. Re7+ Kg8 39. Qe5 1-0

[Event "Titled Tuesday intern op 17th May Early"]
[Site "Chess.com INT"]
[Date "2022.05.17"]
[Round "3"]
[White "Stevens, Christian"]
[Black "Sismeiro, Miguel"]
[Result "1/2-1/2"]
[WhiteElo "2260"]
[BlackElo "2148"]
[PlyCount "110"]
[EventDate "2022.05.17"]
[EventType "swiss (blitz)"]
[EventRounds "11"]
[EventCountry "USA"]
[SourceTitle "CBM 208 Extra"]
[Source "ChessBase"]
[SourceDate "2022.07.31"]
[SourceVersion "1"]
[SourceVersionDate "2022.07.31"]
[SourceQuality "1"]

1. d4 Nf6 2. Bf4 d5 3. e3 c5 4. c3 Nc6 5. Nd2 e6 6. Bd3 Bd6 7. Bxd6 Qxd6 8. f4 cxd4 9. cxd4 Bd7 10. a3 Ne7 11. Ngf3 Qb6 12. Qb3 Nf5 13. Qxb6 axb6 14. Ke2 Nd6 15. Ne5 Ke7 16. Rhc1 Rhc8 17. Nxd7 Kxd7 18. h3 h5 19. g3 Rc6 20. Nf3 Ke7 21. Ne5 Rxc1 22. Rxc1 Rc8 23. Rxc8 Nxc8 24. Nf3 Nd6 25. Nd2 Nd7 26. g4 hxg4 27. hxg4 f6 28. Nf3 b5 29. b3 Nb8 30. g5 Nc6 31. gxf6+ gxf6 32. Nd2 e5 33. fxe5 fxe5 34. dxe5 Nxe5 35. Nf3 Nxf3 36. Kxf3 Ke6 37. Kf4 Kf6 38. Bf1 Ke6 39. Bh3+ Kf6 40. Bg4 Ne4 41. Bf3 Nc3 42. b4 Ke6 43. Bg4+ Kd6 44. Bf5 Ne2+ 45. Kf3 Nc1 46. Bc2 Ke5 47. Kf2 d4 48. exd4+ Kxd4 49. Ke1 Kc3 50. Be4 Kb3 51. Bxb7 Nd3+ 52. Kd2 Ne5 53. Ba6 Nc4+ 54. Ke2 Nxa3 55. Bxb5 Kxb4 1/2-1/2

[Event "Titled Tuesday intern op 17th May Late"]
[Site "Chess.com INT"]
[Date "2022.05.17"]
[Round "6"]
[White "Stevens, Christian"]
[Black "Stoleriu, George"]
[Result "0-1"]
[WhiteElo "2260"]
[BlackElo "2411"]
[PlyCount "78"]
[EventDate "2022.05.17"]
[EventType "swiss (blitz)"]
[EventRounds "11"]
[EventCountry "USA"]
[SourceTitle "CBM 208 Extra"]
[Source "ChessBase"]
[SourceDate "2022.07.31"]
[SourceVersion "1"]
[SourceVersionDate "2022.07.31"]
[SourceQuality "1"]

1. d4 e6 2. c4 Nf6 3. Nc3 Bb4 4. Nf3 b6 5. Bg5 Bb7 6. e3 h6 7. Bh4 g5 8. Bg3 Ne4 9. Rc1 h5 10. h4 Nxg3 11. fxg3 g4 12. Ne5 Bxc3+ 13. Rxc3 d6 14. Nd3 Nd7 15. Nf4 Nf6 16. Qa4+ Qd7 17. Qxd7+ Kxd7 18. c5 Ne4 19. Rc1 bxc5 20. dxc5 Nxc5 21. Bb5+ c6 22. Be2 Ne4 23. 0-0 Nxg3 24. Rf2 Nxe2+ 25. Nxe2 f5 26. Nf4 c5 27. Rd2 Rac8 28. Ng6 Rh6 29. Ne5+ Ke7 30. Rcd1 Bd5 31. Nd3 Rc6 32. Nf4 Be4 33. Rc1 e5 34. Ne2 Rb6 35. Nc3 Bb7 36. a3 Rf6 37. b4 c4 38. Na4 Rc6 39. b5 Rc8 0-1

[Event "Titled Tuesday intern op 17th May Late"]
[Site "Chess.com INT"]
[Date "2022.05.17"]
[Round "3"]
[White "Stevens, Christian"]
[Black "Taichman, Ori"]
[Result "1-0"]
[WhiteElo "2260"]
[BlackElo "2269"]
[PlyCount "93"]
[EventDate "2022.05.17"]
[EventType "swiss (blitz)"]
[EventRounds "11"]
[EventCountry "USA"]
[SourceTitle "CBM 208 Extra"]
[Source "ChessBase"]
[SourceDate "2022.07.31"]
[SourceVersion "1"]
[SourceVersionDate "2022.07.31"]
[SourceQuality "1"]

1. d4 Nf6 2. Bf4 g6 3. Nc3 d5 4. Qd2 c5 5. 0-0-0 cxd4 6. Qxd4 Nc6 7. Qa4 Bg7 8. e4 d4 9. Nf3 Bd7 10. Nxd4 Qb6 11. Nxc6 Bxc6 12. Bb5 0-0 13. Bxc6 bxc6 14. Be3 Qb7 15. Qc4 a5 16. Na4 Qb4 17. Nb6 Qxc4 18. Nxc4 Nxe4 19. Rd7 e6 20. Rhd1 a4 21. Rc7 a3 22. bxa3 Nc3 23. Rd6 Nb5 24. Rdxc6 Nxc7 25. Rxc7 Rfc8 26. Rxc8+ Rxc8 27. Nb6 Rd8 28. a4 Bd4 29. a5 Bxe3+ 30. fxe3 Rd6 31. c4 Kf8 32. Kc2 Ke8 33. Kc3 Kd8 34. c5 Rc6 35. Kc4 Kc7 36. Kb5 e5 37. a6 f5 38. a7 Rxb6+ 39. cxb6+ Kb7 40. a4 g5 41. a5 f4 42. a6+ Ka8 43. Kc6 fxe3 44. Kc7 e2 45. b7+ Kxa7 46. b8Q+ Kxa6 47. Qb6# 1-0

[Event "Titled Tuesday intern op 10th May Early"]
[Site "Chess.com INT"]
[Date "2022.05.10"]
[Round "5"]
[White "Liyanage, Ranindu Dilshan"]
[Black "Stevens, Christian"]
[Result "1/2-1/2"]
[WhiteElo "2332"]
[BlackElo "2260"]
[PlyCount "139"]
[EventDate "2022.05.10"]
[EventType "swiss (blitz)"]
[EventRounds "11"]
[EventCountry "USA"]
[SourceTitle "CBM 208 Extra"]
[Source "ChessBase"]
[SourceDate "2022.07.31"]
[SourceVersion "1"]
[SourceVersionDate "2022.07.31"]
[SourceQuality "1"]

1. e4 c5 2. Nf3 e6 3. d4 cxd4 4. Bg5 Qc7 5. Nxd4 a6 6. Nd2 Nc6 7. N4b3 Nf6 8. Be2 Be7 9. 0-0 h5 10. Bh4 Ng4 11. Bg3 d6 12. f3 Ne3 13. Qc1 Nxf1 14. Qxf1 h4 15. Bf2 h3 16. g3 Bd7 17. Rc1 b5 18. c4 b4 19. c5 d5 20. exd5 exd5 21. Bd3 0-0 22. f4 Bf6 23. Rb1 Rfe8 24. Nf3 Bg4 25. Nbd2 Re7 26. a3 a5 27. Bb5 Rb8 28. Bd3 bxa3 29. bxa3 Rxb1 30. Qxb1 Qd8 31. Qb5 Bd7 32. Qb1 Qe8 33. Kf1 Bg4 34. Bb5 Bc3 35. Qc2 Bxd2 36. Ne5 Bd7 37. Bxc6 Bxc6 38. Qxd2 Bb5+ 39. Kg1 f6 40. Nf3 Re2 41. Qxd5+ Kh7 42. Qf5+ Kg8 43. Qxh3 Bc6 44. Nd4 Re1+ 45. Bxe1 Qxe1+ 46. Qf1 Qe3+ 47. Qf2 Qc1+ 48. Qf1 Qxc5 49. Qf2 Qc1+ 50. Qf1 Qd2 51. Nxc6 Qe3+ 52. Qf2 Qc1+ 53. Qf1 Qxc6 54. Qe1 Qc5+ 55. Kg2 Qxa3 56. Qe8+ Qf8 57. Qh5 Qa8+ 58. Kh3 a4 59. Qe2 a3 60. Qa2+ Kh8 61. Kg4 Qc8+ 62. f5 Qc5 63. h3 Qd4+ 64. Kh5 Qb2 65. Qf7 Kh7 66. Qg6+ Kg8 67. Qe8+ Kh7 68. Qg6+ Kg8 69. Qe8+ Kh7 70. Qg6+ 1/2-1/2

[Event "Titled Tuesday intern op 10th May Early"]
[Site "Chess.com INT"]
[Date "2022.05.10"]
[Round "6"]
[White "Stevens, Christian"]
[Black "Rastbod, Ali"]
[Result "0-1"]
[WhiteElo "2260"]
[BlackElo "2362"]
[PlyCount "50"]
[EventDate "2022.05.10"]
[EventType "swiss (blitz)"]
[EventRounds "11"]
[EventCountry "USA"]
[SourceTitle "CBM 208 Extra"]
[Source "ChessBase"]
[SourceDate "2022.07.31"]
[SourceVersion "1"]
[SourceVersionDate "2022.07.31"]
[SourceQuality "1"]

1. d4 Nf6 2. c4 e6 3. Nc3 Bb4 4. e3 0-0 5. Nf3 d5 6. Bd3 c5 7. 0-0 cxd4 8. exd4 dxc4 9. Bxc4 b6 10. Bg5 Bb7 11. Ne5 Nc6 12. Ba6 Bxa6 13. Nxc6 Qd6 14. Nxb4 Bxf1 15. Bxf6 gxf6 16. Qg4+ Kh8 17. Rxf1 Qxb4 18. Qh4 Rg8 19. Qxf6+ Rg7 20. h4 Kg8 21. h5 Qxb2 22. d5 Rc8 23. dxe6 Qxc3 24. exf7+ Rxf7 25. Qe6 Qc6 0-1